| 000 | 00625nam a2200193 u 4500 | ||
|---|---|---|---|
| 005 | 20240802063711.0 | ||
| 008 | 101103s2007 mx r 000 0 spa d | ||
| 020 | _a9789681684181 | ||
| 035 | _aUPN01000178395 | ||
| 049 | _aI | ||
| 050 | 4 |
_aPZ74.9 _bCH3.6 |
|
| 100 | 1 |
_aChávez Castañeda, Ricardo, _d1961- _931081 |
|
| 245 | 1 | 3 |
_aLas peregrinas del fuisoyseré / _cRicardo Chávez Castañeda ; il. María Wernicke. |
| 260 |
_aMéxico : _bFCE, _cc2007. |
||
| 300 |
_a118 p. . _bil. |
||
| 440 | 0 |
_aA la orilla del viento ; _v188. _pPara los que leen bien |
|
| 650 | 4 |
_aLiteratura infantil mexicana _910209 |
|
| 905 | _aInfantil | ||
| 999 |
_c150498 _d150498 |
||